• 首页
  • 本馆介绍
  • 公告通知
  • 最新文献
  • 馆藏检索
  • 电子资源
  • 读者导购
  • 参考咨询
  • 我的图书馆
  • 登录
  • 详细信息显示
  • 放入我的书架
  • 预约/预借图书
  • 作者相关作品
  • 分类相关作品
  • 丛书相关作品
  • 出版社相关作品

书目信息

  • 表格格式
  • 工作单格式
  • 卡片格式
题名:
动物纹样剪法
    
 
作者: 陈山桥 著
分册:  
出版信息: 西安   陕西人民美术出版社  2004
页数: 152页
开本: 26cm
丛书名: 民间剪纸技法研究
单 册:
中图分类: J528.1
科图分类:
主题词: 剪纸--技法(美术) , 剪纸 , 技法(美术)
电子资源:
ISBN: 7-5368-1829-7
000 00809oam2 2200265 450
001 002766397
005 20070805093644.90
010    @a7-5368-1829-7@dCNY25.80
100    @a20041010d2004 em y0chiy0110 ea
101 0  @achi
102    @aCN@b610000
105    @aa z 000yy
200 1  @a动物纹样剪法@9dong wu wen yang jian fa@f陈山桥著
210    @a西安@c陕西人民美术出版社@d2004@h2006
215    @a152页@c图@d26cm
225 2  @a民间剪纸技法研究
330    @a本书共5章,讲述了剪纸的工具、纸张与基本刀法;怎样剪动物;动物剪纸的打扮方法;传统作品欣赏等。
461  0 @12001 @a民间剪纸技法研究
606 0  @a剪纸@x技法(美术)
606 0  @a剪纸
606 0  @a技法(美术)
690    @aJ528.1@v4
701  0 @a陈山桥@9chen shan qiao@f(1949~)@4著
801  0 @aCN@bNLC@c20070805
905    @a10447@dJ528.1@e268
    
    动物纹样剪法/陈山桥著.-西安:陕西人民美术出版社,2004(2006)
    152页:图;26cm.-(民间剪纸技法研究)
    
    
    ISBN 7-5368-1829-7:CNY25.80
    本书共5章,讲述了剪纸的工具、纸张与基本刀法;怎样剪动物;动物剪纸的打扮方法;传统作品欣赏等。
●
相关链接 在E读中查询图书 在五车中查询图书 在当当中查询图书 在豆瓣中查询图书


正题名:动物纹样剪法     索取号:J528.1/268         预约/预借

序号 登录号 条形码 馆藏地/架位号 状态 备注
1 0808147   208081476   第一样本阅览室/ [索取号:J528.1/268] 在馆    
2 0808148   208081485   第一借阅区/ [索取号:J528.1/268] 在馆    
3 0808149   208081494   第一借阅区/ [索取号:J528.1/268] 在馆    
4 0808150   208081500   第一借阅区/ [索取号:J528.1/268] 在馆    
5 0808151   208081519   第一借阅区/ [索取号:J528.1/268] 在馆    
6 0808152   208081528   第一借阅区/ [索取号:J528.1/268] 在馆    
7 0808153   208081537   第一借阅区/ [索取号:J528.1/268] 在馆    
8 0808154   208081546   密集书库-美术系/ [索取号:J528.1/268] 在馆    
9 0808155   208081555   密集书库-美术系/ [索取号:J528.1/268] 在馆    
10 0808156   208081564   密集书库-美术系/ [索取号:J528.1/268] 在馆    
唐山师范学院图书馆 欢迎您!
大连网信软件有限公司© 版权所有